Countries Closest to the Black Sea - 30 Second Sprint - Statistics

General Stats
  • This quiz has been taken 41 times
  • The average score is 10 of 20
Answer Stats
km country miles % Correct
0 Turkey 0
97%
0 Russia 0
94%
0 Bulgaria 0
85%
0 Georgia 0
82%
0 Ukraine 0
82%
159 Armenia 99
79%
0 Romania 0
73%
277 Azerbaijan 172
70%
116 Greece 72
64%
2 Moldova 1
58%
314 Iran 195
42%
452 Iraq 281
36%
372 Serbia 231
36%
518 Belarus 322
33%
374 Macedonia 232
27%
566 Albania 352
21%
593 Hungary 369
21%
465 Kosovo 289
18%
426 Syria 265
18%
582 Montenegro 362
3%
No matching quizzes found
Score Distribution
Percent of People with Each Score
Percentile by Number Answered
Your Score History
You have not taken this quiz